header

A companion to new media dynamics (Record no. 64900)

MARC details
000 -LEADER
fixed length control field 01512nam a2200361 a 4500
082 04 - DEWEY DECIMAL CLASSIFICATION NUMBER
Classification number 302.23/1
245 02 - TITLE STATEMENT
Title A companion to new media dynamics
260 ## - PUBLICATION, DISTRIBUTION, ETC. (IMPRINT)
Place of publication Chichester ;
-- Malden, Mass. :
Name of publisher John Wiley & Sons,
Year of publication c2013.
300 ## - PHYSICAL DESCRIPTION
Number of Pages xviii, 500 p. :
Other physical details ill. (some col.)
505 0# - FORMATTED CONTENTS NOTE
Formatted contents note pt. 1. Approaches and antecedents -- pt. 2. Issues and identities -- pt. 3. Forms, platforms, and practices.
650 #0 - SUBJECT ADDED ENTRY--TOPICAL TERM
Topical Term Mass media
Topical Term Digital media.
Topical Term Social media.
700 1# - ADDED ENTRY--PERSONAL NAME
Personal name Hartley, John,
Personal name Burgess, Jean
Personal name Bruns, Axel,
856 40 - ELECTRONIC LOCATION AND ACCESS
Uniform Resource Identifier http://site.ebrary.com/lib/rucke/Doc?id=10657833

No items available.

© 2026 Rongo University
Contact us: librarian | system librarian | Rongo university